| Tag |
First Indicator |
Second Indicator |
Subfields |
| LEADER |
00000cam a2200000 a 4500 |
| 001 |
in00000011121 |
| 005 |
20151007052006.0 |
| 008 |
880412s1987 txua 00010 eng d |
| 010 |
|
|
|a 87051532
|
| 020 |
|
|
|a 087244080X
|
| 035 |
|
|
|a (OCoLC)17779024
|
| 035 |
|
|
|9 AAA5791AM
|
| 040 |
|
|
|a TXA
|c TXA
|d UtOrBLW
|
| 043 |
|
|
|a n-us-tx
|
| 049 |
|
|
|a TXAS
|c [A08601035]
|
| 050 |
|
4 |
|a F391.4.G7
|b C6 1987
|
| 100 |
1 |
|
|a Conger, Roger Norman.
|
| 245 |
1 |
0 |
|a Texas collector :
|b Gaines de Graffenried /
|c by Roger N. Conger ;introduction by James A. Michener, foreword by R.L. Wilson, preface by Roger N. Conger.
|
| 264 |
|
1 |
|a Waco, Texas :
|b Texian Press,
|c 1987.
|
| 300 |
|
|
|a x, 160 pages :
|b illustrations ;
|c 28 cm.
|
| 336 |
|
|
|a text
|b txt
|2 rdacontent
|
| 337 |
|
|
|a unmediated
|b n
|2 rdamedia
|
| 338 |
|
|
|a volume
|b nc
|2 rdacarrier
|
| 500 |
|
|
|a Illustrated lining papers.
|
| 500 |
|
|
|a The Cushing Library/Kelsey Americana copy is signed by the author and Gaines de Graffenried.
|
| 500 |
|
|
|a Cushing Library/Kelsey Americanan copy contains a pamphlet from the Texas Ranger Hall of Fame and a newspaper clipping.
|
| 600 |
1 |
0 |
|a De Graffenried, Gaines.
|
| 650 |
|
0 |
|a Collectors and collecting
|z Texas.
|
| 650 |
|
0 |
|a Firearms
|x Private collections
|z Texas.
|
| 999 |
|
|
|a MARS
|
| 999 |
f |
f |
|s 26b8c293-e26e-3c2b-aeb4-426c64e6ba03
|i 90b17775-df45-36bf-be2a-d1bb69ed358a
|t 0
|
| 952 |
f |
f |
|p ric
|a Texas A&M University
|b Rellis Campus
|c Joint Library Facility
|d Remote Storage
|t 0
|e F391.4.G7 C6 1987
|h Library of Congress classification
|i unmediated -- volume
|m A14837729593
|
| 952 |
f |
f |
|p noncirc
|a Texas A&M University
|b College Station
|c Cushing Memorial Library & Archives
|d Cushing: Kelsey Americana (Does not check out)
|t 0
|e F391.4.G7 C6 1987
|h Library of Congress classification
|i unmediated -- volume
|m A14808601035
|
| 998 |
f |
f |
|a F391.4.G7 C6 1987
|t 0
|l Remote Storage
|
| 998 |
f |
f |
|a F391.4.G7 C6 1987
|t 0
|l Cushing: Kelsey Americana (Does not check out)
|